Biblioteca

Santa Biblia (Registro nro. 71172)

Detalles MARC
000 -LÍDER
Campo fijo de descripción fija 01017nam a2200325 i 4500
001 - NÚMERO DE CONTROL
Campo de control 768714001
003 - IDENTIFICADOR DEL NÚMERO DE CONTROL
Campo de control CO-MdFUSB
005 - FECHA Y HORA DE LA ULTIMA TRANSACCIÓN
control field 20260317093953.0
007 - CAMPO FIJO DE DESCRIPCIÓN FIJA--INFORMACIÓN GENERAL
Campo fijo de descripción fija ta
008 - ELEMENTOS DE LONGITUD FIJA -- INFORMACIÓN GENERAL
Campo fijo de descripción fija -- Información general 241105t2012 -usba||| |||| 001 0 spa d
020 ## - NÚMERO INTERNACIONAL NORMALIZADO PARA LIBROS
Número Internacional Normalizado del libro 978-0-7363-6121-7
040 ## - FUENTE DE CATALOGACIÓN
Idioma de catalogación spa.
Agencia de catalogación original CO-MdFUSB
Agencia que realiza la transcripción CO-MdFUSB
Agencia que realiza la modificación CO-MdFUSBC
Convenciones de la descripción rda
041 ## - CÓDIGO DE IDIOMA
Código de idioma para texto/pista de sonido o título separado spa
082 ## - NÚMERO DE CLASIFICACIÓN DECIMAL DEWEY
Número de la edición del Dewey 23
Número de clasificación 220.561
Clave de autor-Numero de item SA231
110 ## - ASIENTO PRINCIPAL--NOMBRE CORPORATIVO
Nombre corporativo o de jurisdicción como elemento de entrada Living Stream Ministry
245 1# - TÍTULO
Título del Material Santa Biblia
Mención de responsabilidad, etc. / Living Stream Ministry
250 ## - MENCIÓN DE EDICIÓN
Mención de edición Primera edición 2012
Resto de la mención de edición Versión Recobro
264 #1 - PRODUCCIÓN, PUBLICACIÓN, DISTRIBUCIÓN, MANUFACTURA, Y COPYRIGHT
Lugar de producción, publicación, distribución, manufactura Anaheim, California :
Nombre del productor, publicador, distribuidor Living Stream Ministry
Fecha de producción, publicación, distribución, manufactura, o copyright [2012]
264 #4 - PRODUCCIÓN, PUBLICACIÓN, DISTRIBUCIÓN, MANUFACTURA, Y COPYRIGHT
Fecha de producción, publicación, distribución, manufactura, o copyright ©2012
300 ## - DESCRIPCIÓN FÍSICA
Extensión 1780 ; 991 páginas
Otros detalles físicos : mapas a color, diagramas
Dimensiones ; 25 cm
336 ## - TIPO DE CONTENIDO
Fuente rdacontent
Término de tipo de contenido texto
Código de tipo de contenido txt
337 ## - TIPO DE MEDIO
Fuente rdamedia
Nombre del tipo de medio sin mediación
Código del tipo de medio n
338 ## - TIPO DE SOPORTE
Fuente rdacarrier
Nombre del tipo de soporte volumen
Código Tipo de soporte nc
500 ## - NOTA GENERAL
Nota General Incluye índice, mapas a color, diagramas
505 ## - NOTA DE CONTENIDO
Nota de contenido con formato preestablecido Antiguo testamento. -- Nuevo testamento.<br/>
563 ## - NOTA DE ENCUADERNACIÓN
Nota de encuadernación Pasta dura
650 #0 - ASIENTO SECUNDARIO DE MATERIA - TERMINO TEMÁTICO
Término temático o nombre geográfico como elemento de entrada Biblia
9 (RLIN) 16
942 ## - TIPO DE MATERIAL (KOHA)
Tipo de Item KOHA Libros General
945 ## - INFORMACIÓN LOCAL DEL REGISTRO
Catalogador Catherine Arias Alvarez
Existencias
Estado de Material Estado de Perdido Forma de Clasificación Volumen-Parte/Tomo Estado de Dañado No para Préstamo Colección Tomo Biblioteca de Origen Biblioteca Permanente Fecha de Adquisición Total de Préstamos Signatura Topográfica Código de Barras Última vez visto Ejemplar/Existencia Fecha de Remplazo Tipo de Material
    Dewey Decimal Classification       Colección General   Biblioteca FUSBC Biblioteca FUSBC 31/10/2024   G 220.561 SA231v 25257 05/11/2024 Ej. 1 05/11/2024 Libros General

Biblioteca FUSBC | Teléfono: (57+4) 349 88 10 Ext. 141| WhatsApp (+57) 3005338115 
E-mail: biblioteca@unisbc.edu.co | Calle 76 87-14 Robledo Palenque, Medellín, Colombia

Con tecnología Koha